[Event "NAYCC U16"]
[Site "Windsor CAN"]
[Date "2016.08.09"]
[Round "4.42"]
[White "Polavaram, Rithik"]
[Black "Daggupati, Balaji"]
[Result "0-1"]
[WhiteElo "1899"]
[BlackElo "1932"]
[PlyCount "136"]
[EventDate "2016.08.07"]
[EventType "swiss"]
[EventRounds "9"]
[EventCountry "CAN"]

1. d4 d5 2. c4 c6 3. Nc3 Nf6 4. e3 e6 5. Nf3 Nbd7 6. Qc2 Bd6 7. Bd3 O-O 8. O-O
dxc4 9. Bxc4 b5 10. Bd3 Bb7 11. Ne4 Nxe4 12. Bxe4 Nf6 13. Bd3 h6 14. e4 Be7 15.
Qe2 c5 16. dxc5 Bxc5 17. e5 Ng4 18. Bxb5 f6 19. Qc4 Bxf2+ 20. Kh1 f5 21. Qxe6+
Kh8 22. Bc6 Qb6 23. Bd5 Qxe6 24. Bxe6 Ba6 25. Rd1 Bb6 26. Rd5 Bc4 27. h3 Nf2+
28. Kh2 Rae8 29. b3 Bxd5 30. Bxd5 Bc7 31. Ba3 Rf6 32. Kg1 Ra6 33. Bf7 Bxe5 34.
Nxe5 Rxe5 35. Bb2 Re2 36. Bc4 Nxh3+ 37. Kh1 Rxb2 38. Bxa6 Nf4 39. Bb7 g5 40.
Ba8 Kg7 41. a4 Rxb3 42. Rc1 g4 43. g3 Rxg3 44. Rf1 Ne2 45. Rxf5 Ra3 46. Ra5 Kf6
47. Ra6+ Kg5 48. Rxa7 Kh4 49. Kg2 Ra2 50. Kf1 Nc3 51. a5 Kg3 52. Ke1 Nb5 53.
Rh7 Rxa5 54. Bc6 Nd4 55. Be8 Re5+ 56. Kd1 Rxe8 57. Rxh6 Kf2 58. Rf6+ Nf3 59.
Rg6 g3 60. Kc2 g2 61. Rg4 g1=Q 62. Rxg1 Nxg1 63. Kd3 Ne2 64. Kd2 Re3 65. Kd1
Rc3 66. Kd2 Kf3 67. Kd1 Ke3 68. Ke1 Rc1# 0-1

[Event "NAYCC U16"]
[Site "Windsor CAN"]
[Date "2016.08.09"]
[Round "4.43"]
[White "Maruvada, Shaunak"]
[Black "Aldrich, Michael"]
[Result "1-0"]
[WhiteElo "1966"]
[BlackElo "1279"]
[PlyCount "67"]
[EventDate "2016.08.07"]
[EventType "swiss"]
[EventRounds "9"]
[EventCountry "CAN"]

1. d4 d5 2. c4 e6 3. Nc3 f5 4. Nf3 Nf6 5. Bf4 c6 6. e3 Bd6 7. Ne5 O-O 8. Be2
Nbd7 9. Nxc6 bxc6 10. Bxd6 Ne4 11. Nxe4 fxe4 12. Bxf8 Qxf8 13. O-O Qf5 14. Bg4
Qg5 15. Bxe6+ Kh8 16. cxd5 cxd5 17. Rc1 Qe7 18. Bxd5 Nf6 19. Bxa8 Qe6 20. Qa4
h6 21. Qc6 Qe7 22. Qxc8+ Kh7 23. Rc7 Qd6 24. Qf5+ Kg8 25. Rc8+ Kf7 26. Rfc1 Ke7
27. R1c7+ Nd7 28. Bc6 g6 29. Rxd7+ Qxd7 30. Qxd7+ Kf6 31. Rf8+ Kg5 32. h4+ Kxh4
33. Rf4+ Kh5 34. Qg4# 1-0

[Event "NAYCC U16"]
[Site "Windsor CAN"]
[Date "2016.08.09"]
[Round "4.44"]
[White "Perkins, Josiah"]
[Black "Zhu, Brandon"]
[Result "1/2-1/2"]
[WhiteElo "1759"]
[BlackElo "1861"]
[PlyCount "96"]
[EventDate "2016.08.07"]
[EventType "swiss"]
[EventRounds "9"]
[EventCountry "CAN"]

1. e4 d6 2. d4 Nf6 3. Nc3 e5 4. dxe5 dxe5 5. Qxd8+ Kxd8 6. Nf3 Bd6 7. Bg5 Be6
8. O-O-O Nbd7 9. Nd5 h6 10. Bxf6+ Nxf6 11. Nxf6 gxf6 12. Bb5 Ke7 13. a3 Rhg8
14. Rhg1 Bc5 15. Rd2 Rad8 16. Bd3 Bg4 17. Nh4 c6 18. Rf1 b5 19. h3 Be6 20. g4
a5 21. Nf5+ Kf8 22. c3 b4 23. axb4 axb4 24. Bc2 Ra8 25. Kd1 Rh8 26. Ke2 h5 27.
Rfd1 Bb6 28. Kf3 bxc3 29. bxc3 hxg4+ 30. Kxg4 Bxf5+ 31. Kxf5 Rh5+ 32. Kxf6 Re8
33. Bb3 Bc5 34. Rd7 Rh6+ 35. Kf5 Re7 36. Rd8+ Re8 37. Rxe8+ Kxe8 38. Kxe5 Rxh3
39. Ba4 Rxc3 40. Bxc6+ Kf8 41. f4 Be7 42. Bd5 Ra3 43. Rb1 Ra6 44. Rb8+ Kg7 45.
Re8 Bb4 46. f5 Bd6+ 47. Kd4 f6 48. Rg8+ Kh7 1/2-1/2

[Event "NAYCC U16"]
[Site "Windsor CAN"]
[Date "2016.08.09"]
[Round "4.45"]
[White "Zheng, Maven"]
[Black "Zhao, Harry"]
[Result "0-1"]
[WhiteElo "1746"]
[BlackElo "1809"]
[PlyCount "100"]
[EventDate "2016.08.07"]
[EventType "swiss"]
[EventRounds "9"]
[EventCountry "CAN"]

1. d4 d5 2. c4 c6 3. Nc3 Nf6 4. Nf3 e6 5. e3 Bd6 6. Bd3 Nbd7 7. O-O O-O 8. b3
Re8 9. Bb2 e5 10. dxe5 Nxe5 11. Nxe5 Bxe5 12. Qc2 dxc4 13. Bxc4 Bg4 14. Ne2 Qe7
15. Bxe5 Qxe5 16. Ng3 h5 17. h3 h4 18. Ne2 Bf5 19. Bd3 Bxd3 20. Qxd3 Rad8 21.
Qc4 Ne4 22. Rfd1 Qf6 23. f3 Nd2 24. Qb4 Rxe3 25. Kf2 Rxf3+ 26. gxf3 Qxf3+ 27.
Kg1 Qxe2 28. Kh1 Qf3+ 29. Kh2 Qf2+ 30. Kh1 Rd3 31. Qg4 Rg3 32. Rxd2 Qxd2 33.
Qc8+ Kh7 34. Qf5+ Rg6 35. Qf3 Qd5 36. Qxd5 cxd5 37. Rd1 Rd6 38. Rd4 g5 39. Kg2
f5 40. Kf3 Kg6 41. a4 Kf6 42. Rd3 d4 43. b4 Ke5 44. b5 Rd5 45. Ke2 Rc5 46. Kd2
Rc3 47. Rxc3 dxc3+ 48. Kxc3 g4 49. hxg4 fxg4 50. Kb4 b6 0-1

[Event "NAYCC U16"]
[Site "Windsor CAN"]
[Date "2016.08.09"]
[Round "4.46"]
[White "D'Amore, Tyler"]
[Black "Shamroni, Dennis"]
[Result "1/2-1/2"]
[WhiteElo "1808"]
[BlackElo "1917"]
[PlyCount "66"]
[EventDate "2016.08.07"]
[EventType "swiss"]
[EventRounds "9"]
[EventCountry "CAN"]

1. e4 c5 2. Nf3 e6 3. d3 Nf6 4. g3 Nc6 5. Bg2 Be7 6. O-O O-O 7. Nbd2 d5 8. Re1
Qc7 9. Nf1 b6 10. e5 Nd7 11. Bf4 Rd8 12. h4 Nf8 13. h5 Bb7 14. N1h2 Rac8 15.
Ng4 d4 16. Nd2 Nb4 17. Ne4 Nd5 18. Bg5 c4 19. Bxe7 Nxe7 20. Nd6 Bxg2 21. Kxg2
Qc6+ 22. Qf3 Qxf3+ 23. Kxf3 Rc7 24. dxc4 Nf5 25. b3 Nxd6 26. exd6 Rxd6 27. Ne5
f6 28. Nd3 Nd7 29. a4 a6 30. Re2 e5 31. a5 Nc5 32. axb6 Rxb6 33. Nxc5 Rxc5
1/2-1/2

[Event "NAYCC U16"]
[Site "Windsor CAN"]
[Date "2016.08.09"]
[Round "4.47"]
[White "Thomson, Aaron"]
[Black "Fan, Run Kun"]
[Result "1/2-1/2"]
[WhiteElo "1659"]
[BlackElo "1890"]
[PlyCount "76"]
[EventDate "2016.08.07"]
[EventType "swiss"]
[EventRounds "9"]
[EventCountry "CAN"]

1. e4 Nf6 2. e5 Nd5 3. c4 Nb6 4. c5 Nd5 5. d4 d6 6. cxd6 exd6 7. exd6 Bxd6 8.
Nf3 O-O 9. Be2 Nf4 10. Bxf4 Bxf4 11. O-O c6 12. Nc3 Be6 13. Qc2 Nd7 14. Rfd1
Nf6 15. g3 Bh6 16. Na4 Bd5 17. Ne5 Nd7 18. Nc5 Nxc5 19. dxc5 Qe7 20. Ng4 Bg5
21. f4 h5 22. Nf2 Bf6 23. Bxh5 g6 24. Re1 Qc7 25. Bg4 Rae8 26. f5 Kg7 27. Ne4
Qa5 28. a3 Bd4+ 29. Kf1 Qa6+ 30. Kg2 Rxe4 31. Rxe4 Re8 32. Rae1 Rxe4 33. Rxe4
Bxe4+ 34. Qxe4 Qc4 35. fxg6 fxg6 36. Qe7+ Qf7 37. Qxf7+ Kxf7 38. b4 Bb2 1/2-1/2

[Event "NAYCC U16"]
[Site "Windsor CAN"]
[Date "2016.08.09"]
[Round "4.48"]
[White "Lee, Stefano"]
[Black "Konovalenko, Nicholas"]
[Result "1-0"]
[WhiteElo "1592"]
[BlackElo "1555"]
[PlyCount "89"]
[EventDate "2016.08.07"]
[EventType "swiss"]
[EventRounds "9"]
[EventCountry "CAN"]

1. e4 c5 2. d4 cxd4 3. c3 dxc3 4. Nxc3 Nc6 5. Bc4 Nf6 6. Nf3 e6 7. O-O Bb4 8.
Qe2 O-O 9. Rd1 e5 10. Bg5 Be7 11. Rac1 d6 12. h3 a6 13. Bb3 Be6 14. Bc2 Nh5 15.
Bxe7 Qxe7 16. Nd5 Bxd5 17. exd5 Nf4 18. Bxh7+ Kxh7 19. Qc2+ e4 20. dxc6 bxc6
21. Re1 f5 22. Re3 Qf6 23. Nd2 Qg6 24. g3 Nxh3+ 25. Kf1 Kh8 26. Qxc6 Rae8 27.
Ke1 f4 28. Rec3 e3 29. fxe3 Qxg3+ 30. Kd1 fxe3 31. Kc2 Qg6+ 32. Kb3 Qe6+ 33.
Nc4 Rb8+ 34. Ka3 Rf5 35. Qh1 Rh5 36. Qf3 Qe8 37. Rxe3 Qb5 38. b3 Qc5+ 39. Kb2
Rh7 40. Kb1 Ng5 41. Qf4 Qb5 42. Nxd6 Qa5 43. Nf7+ Nxf7 44. Qxb8+ Qd8 45. Re8+
1-0

[Event "NAYCC U16"]
[Site "Windsor CAN"]
[Date "2016.08.09"]
[Round "5.29"]
[White "Li, Zhaozhi"]
[Black "Bellissimo, Joseph"]
[Result "0-1"]
[WhiteElo "2305"]
[BlackElo "2142"]
[PlyCount "76"]
[EventDate "2016.08.07"]
[EventType "swiss"]
[EventRounds "9"]
[EventCountry "CAN"]

1. d4 Nf6 2. c4 e6 3. Nf3 Bb4+ 4. Bd2 Qe7 5. a3 Bxd2+ 6. Nfxd2 d6 7. Nc3 e5 8.
dxe5 dxe5 9. e3 O-O 10. Be2 a5 11. g4 c6 12. h4 Rd8 13. g5 Nfd7 14. Qc2 Nc5 15.
O-O-O Nba6 16. Nf1 Rxd1+ 17. Bxd1 Be6 18. Be2 Rd8 19. Ng3 b5 20. cxb5 Nb3+ 21.
Kb1 Nd2+ 22. Kc1 Nc5 23. bxc6 Ncb3+ 24. Kd1 Nf3+ 25. Qd3 Rxd3+ 26. Bxd3 Nc5 27.
Bb5 Qd6+ 28. Ke2 Bg4 29. Kf1 Nd2+ 30. Kg1 g6 31. h5 Bf3 32. c7 Qxc7 33. Rh3 Qc8
34. Kh2 Bg4 35. Nd5 Kh8 36. hxg6 Bxh3 37. g7+ Kxg7 38. Nh5+ Kh8 0-1

[Event "NAYCC U16"]
[Site "Windsor CAN"]
[Date "2016.08.09"]
[Round "5.30"]
[White "Chen, Richard"]
[Black "Miyasaka, Matthew"]
[Result "1-0"]
[WhiteElo "2155"]
[BlackElo "1971"]
[PlyCount "85"]
[EventDate "2016.08.07"]
[EventType "swiss"]
[EventRounds "9"]
[EventCountry "CAN"]

1. e4 c5 2. Ne2 d6 3. g3 g6 4. Bg2 Bg7 5. c3 Nc6 6. d4 cxd4 7. cxd4 Qb6 8. Nbc3
Nf6 9. O-O h5 10. d5 Ne5 11. Be3 Qd8 12. Bd4 Ned7 13. f4 Nb6 14. a4 O-O 15. a5
Nbd7 16. h3 Qc7 17. Nb5 Qc4 18. Na3 Qc7 19. b4 b6 20. Rc1 Qd8 21. e5 Ne8 22. e6
Ndf6 23. axb6 axb6 24. Nc4 Rb8 25. f5 fxe6 26. fxe6 Bh6 27. Nf4 Bxf4 28. Rxf4
Ba6 29. Ne3 Rc8 30. Rxc8 Qxc8 31. Qb1 Kh7 32. g4 hxg4 33. Nxg4 Be2 34. Qe1 Bxg4
35. hxg4 Kg8 36. g5 Nh7 37. Rxf8+ Nxf8 38. Qf1 Nxe6 39. Bh3 N8c7 40. dxe6 Qe8
41. Qf4 Nb5 42. Bb2 d5 43. Be5 1-0

[Event "NAYCC U16"]
[Site "Windsor CAN"]
[Date "2016.08.09"]
[Round "5.31"]
[White "Yen, Michael"]
[Black "Song, Sam"]
[Result "1/2-1/2"]
[WhiteElo "1969"]
[BlackElo "2147"]
[PlyCount "61"]
[EventDate "2016.08.07"]
[EventType "swiss"]
[EventRounds "9"]
[EventCountry "CAN"]

1. d4 Nf6 2. c4 e6 3. Nf3 b6 4. g3 Ba6 5. Qc2 Bb7 6. Bg2 c5 7. O-O cxd4 8. Nxd4
Bxg2 9. Kxg2 Nc6 10. Nxc6 dxc6 11. Rd1 Qc7 12. Bf4 e5 13. Bg5 Nd7 14. Nc3 h6
15. Be3 Bc5 16. Ne4 Be7 17. Rd2 O-O 18. Rad1 Rad8 19. c5 f5 20. Nd6 Bxd6 21.
Rxd6 Nxc5 22. Bxc5 bxc5 23. Qxc5 Rxd6 24. Rxd6 Rf6 25. Rxf6 gxf6 26. Qc4+ Kg7
27. Qe6 Qb7 28. Qxf5 Qxb2 29. Qg4+ Kh7 30. Qd7+ Kg6 31. Qg4+ 1/2-1/2

[Event "NAYCC U16"]
[Site "Windsor CAN"]
[Date "2016.08.09"]
[Round "5.32"]
[White "Habib, Adnan"]
[Black "Sinha, Sahil"]
[Result "1/2-1/2"]
[WhiteElo "1691"]
[BlackElo "2140"]
[PlyCount "101"]
[EventDate "2016.08.07"]
[EventType "swiss"]
[EventRounds "9"]
[EventCountry "CAN"]

1. d4 Nf6 2. Nf3 e6 3. Bf4 c5 4. e3 cxd4 5. exd4 b6 6. c3 Bb7 7. Bd3 Be7 8. h3
O-O 9. O-O d6 10. Re1 Nbd7 11. Nbd2 Rc8 12. Rc1 Re8 13. Ne4 Bxe4 14. Bxe4 Nxe4
15. Rxe4 b5 16. Qd3 Nf6 17. Re2 Qb6 18. Rce1 h6 19. Bh2 Red8 20. Nd2 d5 21. f4
Bd6 22. g4 Nh7 23. a3 a5 24. f5 exf5 25. Qxf5 b4 26. axb4 axb4 27. Bxd6 Qxd6
28. Re3 bxc3 29. bxc3 Qf6 30. Rf1 Rc7 31. Nb3 Qxf5 32. Rxf5 Nf6 33. Nc5 Rd6 34.
Kg2 g6 35. Rf2 Kg7 36. Kg3 Rdc6 37. Kf4 Nd7 38. Nxd7 Rxd7 39. Rff3 Rf6+ 40. Kg3
Rdd6 41. Kf2 Rxf3+ 42. Kxf3 Kf6 43. h4 Re6 44. Kf4 g5+ 45. hxg5+ hxg5+ 46. Kf3
Rxe3+ 47. Kxe3 Ke6 48. Kd3 f5 49. gxf5+ Kxf5 50. c4 dxc4+ 51. Kxc4 1/2-1/2

[Event "NAYCC U16"]
[Site "Windsor CAN"]
[Date "2016.08.09"]
[Round "5.33"]
[White "Chasin, Nico"]
[Black "Lu, Albert"]
[Result "0-1"]
[WhiteElo "1752"]
[BlackElo "2235"]
[PlyCount "138"]
[EventDate "2016.08.07"]
[EventType "swiss"]
[EventRounds "9"]
[EventCountry "CAN"]

1. d4 d5 2. Nf3 Nf6 3. g3 e6 4. Bg2 Be7 5. O-O O-O 6. Nbd2 c5 7. c3 b6 8. Re1
Bb7 9. Ne5 cxd4 10. cxd4 Nc6 11. Ndf3 Ne4 12. Nxc6 Bxc6 13. Ne5 Bb7 14. f3 Nf6
15. Bd2 Nd7 16. Nd3 Nb8 17. e3 Nc6 18. Rc1 Rc8 19. Bf1 Bd6 20. b4 Ba6 21. Qa4
Bc4 22. b5 Ne7 23. Nb4 a5 24. bxa6 b5 25. Qd1 Nc6 26. Nxc6 Rxc6 27. a4 b4 28.
a5 Qxa5 29. Ra1 Qc7 30. Qb1 b3 31. Rc1 Ra8 32. Qb2 Rcxa6 33. Rxa6 Rxa6 34. Qxb3
Rc6 35. Qa4 h5 36. Ba5 Qc8 37. Bd2 h4 38. f4 hxg3 39. hxg3 g6 40. Kf2 Kg7 41.
Ke1 Rc7 42. Bxc4 dxc4 43. Bb4 Bxb4+ 44. Qxb4 c3 45. Kf2 c2 46. Qb2 Kg8 47. d5
exd5 48. Qe5 Qd8 49. Rh1 f6 50. Qe6+ Kg7 51. Rc1 d4 52. exd4 Qxd4+ 53. Qe3
Qxe3+ 54. Kxe3 Kf7 55. Kd2 Ke6 56. Re1+ Kf5 57. Kc1 Rc3 58. Rg1 Kg4 59. f5 g5
60. Re1 Kxf5 61. Rf1+ Kg4 62. Rxf6 Kxg3 63. Rg6 g4 64. Rh6 Kg2 65. Rg6 g3 66.
Rg8 Kg1 67. Rg7 g2 68. Rg8 Kf2 69. Rf8+ Rf3 0-1

[Event "NAYCC U16"]
[Site "Windsor CAN"]
[Date "2016.08.09"]
[Round "5.35"]
[White "Asaria, Danial"]
[Black "Yu, Wenlu"]
[Result "1-0"]
[WhiteElo "2038"]
[BlackElo "1993"]
[PlyCount "67"]
[EventDate "2016.08.07"]
[EventType "swiss"]
[EventRounds "9"]
[EventCountry "CAN"]

1. e4 c5 2. b4 cxb4 3. a3 bxa3 4. d4 d6 5. c4 g6 6. f4 Bg7 7. Rxa3 e6 8. Nf3
Ne7 9. Nc3 O-O 10. Be3 d5 11. e5 a6 12. c5 b6 13. cxb6 Nd7 14. h4 Nxb6 15. h5
Qc7 16. Nd2 Bd7 17. Qg4 Rfb8 18. hxg6 hxg6 19. Qh3 Nbc8 20. f5 Nxf5 21. Bg5
Nce7 22. g4 Nxd4 23. Bf6 Bxf6 24. exf6 Qe5+ 25. Nce4 Rb1+ 26. Kf2 Rxf1+ 27.
Kxf1 Bb5+ 28. Kf2 Kf8 29. Qh8+ Ng8 30. Qg7+ Ke8 31. Qxg8+ Kd7 32. Qxa8 Qc7 33.
Rh7 Qf4+ 34. Rf3 1-0

[Event "NAYCC U16"]
[Site "Windsor CAN"]
[Date "2016.08.09"]
[Round "5.36"]
[White "Zhong, Joey"]
[Black "Sowa, Ryan"]
[Result "1/2-1/2"]
[WhiteElo "2024"]
[BlackElo "1948"]
[PlyCount "54"]
[EventDate "2016.08.07"]
[EventType "swiss"]
[EventRounds "9"]
[EventCountry "CAN"]

1. e4 e6 2. d4 d5 3. e5 c5 4. c3 Qb6 5. Nf3 Bd7 6. Nbd2 Bb5 7. c4 dxc4 8. Bxc4
cxd4 9. O-O Nc6 10. Bxb5 Qxb5 11. Nb3 Nge7 12. Nbxd4 Nxd4 13. Nxd4 Qd7 14. Be3
Nd5 15. Qb3 Be7 16. Rfd1 O-O 17. Nb5 b6 18. Nc3 Rfd8 19. a4 Qc6 20. Nxd5 exd5
21. a5 Bc5 22. Rac1 Rac8 23. Bg5 Re8 24. Qxd5 Qxd5 25. Rxd5 f6 26. axb6 axb6
27. Bd2 fxe5 1/2-1/2

[Event "NAYCC U16"]
[Site "Windsor CAN"]
[Date "2016.08.09"]
[Round "5.37"]
[White "Nguyen, Tan"]
[Black "Kobla, Vishal"]
[Result "1-0"]
[WhiteElo "1972"]
[BlackElo "1941"]
[PlyCount "53"]
[EventDate "2016.08.07"]
[EventType "swiss"]
[EventRounds "9"]
[EventCountry "CAN"]

1. d4 Nf6 2. c4 g6 3. Nc3 d5 4. cxd5 Nxd5 5. e4 Nxc3 6. bxc3 Bg7 7. Nf3 O-O 8.
Be2 c5 9. Rb1 cxd4 10. cxd4 Qa5+ 11. Qd2 Nc6 12. Qxa5 Nxa5 13. Bd2 Nc6 14. d5
Nd4 15. Nxd4 Bxd4 16. Bb4 Bf6 17. f4 Rd8 18. Rc1 e6 19. e5 Bg7 20. d6 Bd7 21.
Bf3 Rab8 22. Rc7 Bc6 23. Kf2 Rdc8 24. Bxc6 bxc6 25. Rxc8+ Rxc8 26. Ba5 Bf8 27.
d7 1-0

[Event "NAYCC U16"]
[Site "Windsor CAN"]
[Date "2016.08.09"]
[Round "5.38"]
[White "Daggupati, Balaji"]
[Black "Wang, Warren"]
[Result "1-0"]
[WhiteElo "1905"]
[BlackElo "2025"]
[PlyCount "71"]
[EventDate "2016.08.07"]
[EventType "swiss"]
[EventRounds "9"]
[EventCountry "CAN"]

1. e4 d6 2. d4 Nf6 3. Nc3 g6 4. Nf3 Bg7 5. Be2 O-O 6. O-O Bg4 7. h3 Bxf3 8.
Bxf3 Nc6 9. e5 Nd7 10. Bxc6 bxc6 11. exd6 exd6 12. Be3 Nb6 13. Qd3 Qd7 14. a4
Nc8 15. d5 c5 16. Rab1 Ne7 17. Rfd1 Nf5 18. b4 Bxc3 19. Qxc3 Nxe3 20. fxe3 Qxa4
21. bxc5 Rfc8 22. c6 Qe4 23. Rb4 Qe7 24. Ra1 Qg5 25. e4 a5 26. Rba4 Re8 27.
Rxa5 Rxa5 28. Qxa5 Rxe4 29. Qxc7 Re2 30. Qc8+ Kg7 31. Qg4 Qe3+ 32. Kh1 Re1+ 33.
Rxe1 Qxe1+ 34. Kh2 Qe5+ 35. Qg3 Qxd5 36. Qd3 1-0

[Event "NAYCC U16"]
[Site "Windsor CAN"]
[Date "2016.08.09"]
[Round "5.39"]
[White "Handigol, Abhishek"]
[Black "Xu, Jeffrey"]
[Result "1/2-1/2"]
[WhiteElo "1905"]
[BlackElo "2004"]
[PlyCount "42"]
[EventDate "2016.08.07"]
[EventType "swiss"]
[EventRounds "9"]
[EventCountry "CAN"]

1. e4 e6 2. d4 d5 3. Nd2 Nf6 4. e5 Nfd7 5. Bd3 c5 6. c3 Nc6 7. Ne2 cxd4 8. cxd4
f6 9. exf6 Nxf6 10. O-O Bd6 11. Nf3 Qc7 12. Nc3 a6 13. Bd2 O-O 14. Rc1 Re8 15.
Bg5 Qf7 16. Re1 Qh5 17. Qd2 Rf8 18. Be2 Qf7 19. Bd3 Qh5 20. Be2 Qf7 21. Bd3 Qh5
1/2-1/2

[Event "NAYCC U16"]
[Site "Windsor CAN"]
[Date "2016.08.09"]
[Round "5.40"]
[White "Zhao, Harry"]
[Black "Pan, Christopher"]
[Result "1/2-1/2"]
[WhiteElo "1809"]
[BlackElo "1975"]
[PlyCount "84"]
[EventDate "2016.08.07"]
[EventType "swiss"]
[EventRounds "9"]
[EventCountry "CAN"]

1. d4 Nf6 2. Nf3 g6 3. Nbd2 d5 4. e3 Bg7 5. b4 c6 6. c4 Bg4 7. Be2 Nbd7 8. Bb2
e6 9. O-O O-O 10. a4 Re8 11. b5 c5 12. h3 Bxf3 13. Nxf3 cxd4 14. Nxd4 e5 15.
Nb3 dxc4 16. Bxc4 Rc8 17. Qe2 Nb6 18. Rfc1 Qd7 19. Nd2 e4 20. Bb3 Qf5 21. a5
Nbd7 22. Rxc8 Rxc8 23. Bd4 Nd5 24. Qg4 Qxg4 25. hxg4 Nc3 26. Bxc3 Rxc3 27. Rb1
Nc5 28. Kf1 Kf8 29. Ke2 f5 30. gxf5 gxf5 31. Bd5 b6 32. axb6 axb6 33. Rh1 Rc2
34. Kd1 Rb2 35. Rxh7 Nd3 36. Rh5 Nxf2+ 37. Ke2 Bc3 38. Rxf5+ Kg7 39. Kxf2 Rxd2+
40. Kg3 Re2 41. Bxe4 Rxe3+ 42. Bf3 Re5 1/2-1/2

[Event "NAYCC U16"]
[Site "Windsor CAN"]
[Date "2016.08.09"]
[Round "5.41"]
[White "Ramasamy, Vikram"]
[Black "Maruvada, Shaunak"]
[Result "1/2-1/2"]
[WhiteElo "2046"]
[BlackElo "1966"]
[PlyCount "74"]
[EventDate "2016.08.07"]
[EventType "swiss"]
[EventRounds "9"]
[EventCountry "CAN"]

1. e4 c5 2. c3 Nf6 3. e5 Nd5 4. Nf3 Nc6 5. Bc4 Nb6 6. Bb3 d5 7. exd6 e6 8. O-O
Bxd6 9. d4 cxd4 10. cxd4 O-O 11. Nc3 a6 12. Re1 Be7 13. Be3 Bf6 14. Ne4 Be7 15.
Bf4 Nd5 16. Bg3 f5 17. Bxd5 exd5 18. Nc3 f4 19. Rxe7 Nxe7 20. Bh4 Qd6 21. Bxe7
Qxe7 22. Nxd5 Qd6 23. Nc3 Bg4 24. Qb3+ Kh8 25. Qxb7 Rab8 26. Qe4 Rxb2 27. Ne5
Bc8 28. Nc4 Qc7 29. Nxb2 Qxc3 30. Qe2 Qxd4 31. Rd1 Qf6 32. f3 Bf5 33. Nc4 Qe6
34. Qxe6 Bxe6 35. Ne5 Bxa2 36. Ra1 Re8 37. Rxa2 Rxe5 1/2-1/2

[Event "NAYCC U16"]
[Site "Windsor CAN"]
[Date "2016.08.09"]
[Round "5.42"]
[White "Fields, Noah"]
[Black "Polavaram, Rithik"]
[Result "1-0"]
[WhiteElo "1963"]
[BlackElo "1899"]
[PlyCount "103"]
[EventDate "2016.08.07"]
[EventType "swiss"]
[EventRounds "9"]
[EventCountry "CAN"]

1. e4 e5 2. Nf3 Nc6 3. Bb5 a6 4. Ba4 Nf6 5. O-O Be7 6. Re1 b5 7. Bb3 d6 8. c3
O-O 9. d4 Bg4 10. d5 Na5 11. Bc2 c5 12. dxc6 Qc7 13. h3 Bh5 14. Nbd2 Nxc6 15.
Nf1 Rad8 16. g4 Bg6 17. Ne3 d5 18. Nxd5 Nxd5 19. exd5 Bxc2 20. Qxc2 Rxd5 21. a4
Rfd8 22. axb5 axb5 23. Qe4 f6 24. Be3 Na5 25. b4 Qc4 26. Bb6 Qxe4 27. Rxe4 Nc4
28. Bxd8 Rxd8 29. Ne1 Kf7 30. Re2 Ke6 31. Nc2 Kf7 32. Na3 Nd6 33. Rd2 Ke6 34.
Rc1 Rc8 35. Nc2 Nc4 36. Re2 Kd7 37. Ne3 Nb6 38. Rd2+ Ke6 39. Nf5 Bf8 40. Rcd1
g6 41. Nd6 Rb8 42. Nxb5 Na4 43. Nc7+ Kf7 44. Rd7+ Kg8 45. Rd8 Rb6 46. Ra8 Rc6
47. Rxa4 Rxc7 48. Rd3 e4 49. Rd8 Kf7 50. Ra6 Bg7 51. Rda8 f5 52. R8a7 1-0

[Event "NAYCC U16"]
[Site "Windsor CAN"]
[Date "2016.08.09"]
[Round "5.42"]
[White "Zhang, Jeff"]
[Black "Perkins, Josiah"]
[Result "0-1"]
[WhiteElo "1907"]
[BlackElo "1759"]
[PlyCount "70"]
[EventDate "2016.08.07"]
[EventType "swiss"]
[EventRounds "9"]
[EventCountry "CAN"]

1. e4 e6 2. d4 d5 3. Nd2 Nf6 4. e5 Nfd7 5. f4 c5 6. c3 Nc6 7. Ndf3 Qb6 8. Ne2
Be7 9. g3 f5 10. exf6 Nxf6 11. Bg2 Bd7 12. O-O O-O-O 13. Qb3 Qa6 14. Re1 Ne4
15. Be3 h5 16. dxc5 h4 17. Qc2 hxg3 18. Nxg3 Nxc5 19. a4 Qd3 20. Qd2 Qxd2 21.
Nxd2 Nd3 22. Reb1 Bd6 23. Ne2 Rdf8 24. c4 dxc4 25. Nxc4 Bxf4 26. Nxf4 Nxf4 27.
Re1 e5 28. Bc5 Nxg2 29. Kxg2 Bh3+ 30. Kh1 Rd8 31. Nxe5 Nxe5 32. Rxe5 Rd2 33.
Rg5 Bd7 34. Rxg7 Rdxh2+ 35. Kg1 Rh1+ 0-1

[Event "NAYCC U16"]
[Site "Windsor CAN"]
[Date "2016.08.09"]
[Round "5.43"]
[White "Zhu, Brandon"]
[Black "Saha, Ananda"]
[Result "1-0"]
[WhiteElo "1861"]
[BlackElo "1920"]
[PlyCount "95"]
[EventDate "2016.08.07"]
[EventType "swiss"]
[EventRounds "9"]
[EventCountry "CAN"]

1. e4 c5 2. Nf3 e6 3. d4 cxd4 4. Nxd4 a6 5. Nc3 Qc7 6. g3 b5 7. a3 Bb7 8. Bg2
d6 9. O-O Nf6 10. f4 Be7 11. Qe2 Nc6 12. Nxc6 Qxc6 13. Be3 Rc8 14. Rad1 Qc4 15.
Qf3 d5 16. e5 Ne4 17. Rd4 Qc7 18. Nxe4 dxe4 19. Qg4 Bc5 20. Qxg7 Rf8 21. c3
Bxd4 22. Bxd4 Bd5 23. b4 Kd7 24. Bc5 Rg8 25. Qxf7+ Kc6 26. Qxc7+ Rxc7 27. Re1
Rd8 28. Re3 Kb7 29. Kf2 a5 30. g4 Rg8 31. f5 Rxg4 32. f6 Rf4+ 33. Kg3 Rf5 34.
Bxe4 Rxe5 35. Kf4 Rh5 36. Bxd5+ exd5 37. Re7 Rh6 38. Kg5 Rxh2 39. f7 Rg2+ 40.
Kh4 Rxe7 41. Bxe7 Rf2 42. f8=Q Rxf8 43. Bxf8 a4 44. Bg7 Kc6 45. Kg5 Kd6 46. Kf5
h5 47. Be5+ Kd7 48. Bh2 1-0

[Event "NAYCC U16"]
[Site "Windsor CAN"]
[Date "2016.08.09"]
[Round "5.45"]
[White "Shamroni, Dennis"]
[Black "Zheng, Maven"]
[Result "1-0"]
[WhiteElo "1917"]
[BlackElo "1746"]
[PlyCount "185"]
[EventDate "2016.08.07"]
[EventType "swiss"]
[EventRounds "9"]
[EventCountry "CAN"]

1. e4 c5 2. Nf3 d6 3. d3 Nf6 4. g3 e6 5. Bg2 Nbd7 6. O-O Be7 7. Re1 O-O 8. Nbd2
Qc7 9. Nf1 b6 10. c4 Bb7 11. Bd2 Rfd8 12. Qc2 a6 13. Rac1 Ng4 14. Bc3 Nge5 15.
Nxe5 Nxe5 16. f4 Nc6 17. b3 Nd4 18. Qb2 e5 19. Ne3 Bc6 20. Nd5 Qb7 21. Bxd4
cxd4 22. Qf2 Rac8 23. h4 Kh8 24. f5 f6 25. g4 b5 26. Re2 Rf8 27. Rec2 b4 28.
Qg3 a5 29. Qf2 Bd8 30. c5 dxc5 31. Rxc5 Bb6 32. Nxb6 Qxb6 33. Qc2 h6 34. Rxc6
Rxc6 35. Qxc6 Qxc6 36. Rxc6 Ra8 37. Bf3 Kg8 38. Kf2 Ra7 39. g5 hxg5 40. hxg5 a4
41. gxf6 gxf6 42. bxa4 Rxa4 43. Rc2 Ra3 44. Ke2 b3 45. axb3 Rxb3 46. Bh5 Rb6
47. Bg6 Kg7 48. Rd2 Rc6 49. Kd1 Rc5 50. Rc2 Ra5 51. Be8 Ra8 52. Bb5 Rb8 53. Bc4
Rh8 54. Rg2+ Kf8 55. Rg6 Ke7 56. Rg7+ Kd6 57. Rf7 Rh6 58. Kc2 Kc5 59. Kb3 Kc6
60. Rg7 Rh8 61. Rg8 Rxg8 62. Bxg8 Kb5 63. Bc4+ Ka5 64. Ka3 Kb6 65. Kb4 Kc6 66.
Ka5 Kc5 67. Bd5 Kd6 68. Kb6 Kd7 69. Be6+ Kd6 70. Kb5 Kc7 71. Kc5 Kd8 72. Kd6
Ke8 73. Bc8 Kf7 74. Kd7 Kf8 75. Ke6 Kg7 76. Ke7 Kg8 77. Kxf6 Kf8 78. Kxe5 Ke8
79. Kxd4 Kd8 80. Ba6 Ke8 81. Ke5 Kf8 82. Ke6 Ke8 83. Bb5+ Kf8 84. d4 Kg7 85.
f6+ Kf8 86. d5 Kg8 87. d6 Kf8 88. d7 Kg8 89. d8=Q+ Kh7 90. Qe7+ Kh6 91. Qg7+
Kh5 92. Be2+ Kh4 93. Qg4# 1-0

[Event "NAYCC U16"]
[Site "Windsor CAN"]
[Date "2016.08.09"]
[Round "5.46"]
[White "Fan, Run Kun"]
[Black "Lee, Stefano"]
[Result "1-0"]
[WhiteElo "1890"]
[BlackElo "1592"]
[PlyCount "67"]
[EventDate "2016.08.07"]
[EventType "swiss"]
[EventRounds "9"]
[EventCountry "CAN"]

1. Nf3 Nf6 2. g3 d5 3. Bg2 Bf5 4. O-O e6 5. b3 Bd6 6. Bb2 Nbd7 7. c4 c6 8. d3
Qc7 9. Nbd2 O-O-O 10. cxd5 exd5 11. Rc1 Kb8 12. Nd4 Be5 13. N2f3 Bxd4 14. Nxd4
Bg6 15. b4 Qd6 16. Qa4 Nb6 17. Qb3 h5 18. Nf3 Rhe8 19. a4 Rxe2 20. a5 Nbd7 21.
a6 b6 22. Nd4 Ne5 23. Nxe2 Nxd3 24. Rcd1 Nxb4 25. Ba3 Bc2 26. Qxb4 Qxb4 27.
Bxb4 Bxd1 28. Rxd1 c5 29. Bd2 d4 30. Bf4+ Kc8 31. Bb7+ Kd7 32. Nxd4 Ke8 33.
Bc6+ Kf8 34. Ne6+ 1-0